Diagnostic and statistical manual of mental disorders : (Record no. 38193)
[ view plain ]
| 000 -LEADER | |
|---|---|
| fixed length control field | 01092cam a22002894a 4500 |
| 003 - CONTROL NUMBER IDENTIFIER | |
| control field | OSt |
| 005 - DATE AND TIME OF LATEST TRANSACTION | |
| control field | 20180920142134.0 |
| 008 - FIXED-LENGTH DATA ELEMENTS--GENERAL INFORMATION | |
| fixed length control field | 000208s2000 dcu f 001|0 eng c |
| 020 ## - INTERNATIONAL STANDARD BOOK NUMBER | |
| International Standard Book Number | 0890420254 (pbk. : alk. paper) |
| 245 00 - TITLE STATEMENT | |
| Title | Diagnostic and statistical manual of mental disorders : |
| Remainder of title | DSM-IV-TR. |
| 246 30 - VARYING FORM OF TITLE | |
| Title proper/short title | DSM-IV-TR |
| 250 ## - EDITION STATEMENT | |
| Edition statement | 4th ed., text revision. |
| 260 ## - PUBLICATION, DISTRIBUTION, ETC. (IMPRINT) | |
| Place of publication, distribution, etc | Washington, DC : |
| Name of publisher, distributor, etc | American Psychiatric Association, |
| Date of publication, distribution, etc | c2000. |
| 300 ## - PHYSICAL DESCRIPTION | |
| Extent | xxxvii, 943 p. ; |
| Dimensions | 26 cm. |
| 336 ## - CONTENT TYPE | |
| Source | rdacontent |
| 337 ## - MEDIA TYPE | |
| Source | rdamedia |
| 338 ## - CARRIER TYPE | |
| Source | rdacarrier |
| 500 ## - GENERAL NOTE | |
| General note | Prepared by the Task Force on DSM-IV and other committees and work groups of the American Psychiatric Association. |
| 500 ## - GENERAL NOTE | |
| General note | Includes index. |
| 650 #0 - SUBJECT ADDED ENTRY--TOPICAL TERM | |
| Topical term or geographic name as entry element | Mental illness |
| Form subdivision | Classification |
| -- | Handbooks, manuals, etc. |
| 650 #0 - SUBJECT ADDED ENTRY--TOPICAL TERM | |
| Topical term or geographic name as entry element | Mental illness |
| General subdivision | Diagnosis |
| Form subdivision | Handbooks, manuals, etc. |
| 650 12 - SUBJECT ADDED ENTRY--TOPICAL TERM | |
| Topical term or geographic name as entry element | Mental Disorders |
| General subdivision | classification. |
| 650 12 - SUBJECT ADDED ENTRY--TOPICAL TERM | |
| Topical term or geographic name as entry element | Mental Disorders |
| General subdivision | diagnosis. |
| 710 2# - ADDED ENTRY--CORPORATE NAME | |
| Corporate name or jurisdiction name as entry element | American Psychiatric Association. |
| 710 2# - ADDED ENTRY--CORPORATE NAME | |
| Corporate name or jurisdiction name as entry element | American Psychiatric Association. |
| Subordinate unit | Task Force on DSM-IV. |
| 942 ## - ADDED ENTRY ELEMENTS (KOHA) | |
| Source of classification or shelving scheme | Library of Congress Classification |
| Item type | Books |
| Withdrawn status | Lost status | Source of classification or shelving scheme | Damaged status | Not for loan | Home library | Current library | Shelving location | Date acquired | Source of acquisition | Cost, normal purchase price | Inventory number | Total Checkouts | Full call number | Barcode | Date last seen | Price effective from | Koha item type |
|---|---|---|---|---|---|---|---|---|---|---|---|---|---|---|---|---|---|
| Library of Congress Classification | BSOP Library | BSOP Library | Reference | 04/21/2015 | Amazon | 1078.65 | 37016 | RC455.2.C4 D54 2000 | 00045116 | 04/21/2015 | 04/21/2015 | Books | |||||
| Library of Congress Classification | BSOP Library | BSOP Library | Reference | 11/25/2015 | Amazon | 1581.00 | 37460 | RC455.2 .C4 D54 2013 | 00047460 | 11/25/2015 | 11/25/2015 | Books |
